Climatic Changes Since 1700

Earth’s climate is undergoing profound changes. Understanding and assessing these changes requires insight from the past. The period since 1700 is of particular relevance because Earth’s climate underwent a transition from the Little Ice Age climate to the era of anthropogenic global warming. Moreov...

Full description

Bibliographic Details
Main Author: Brönnimann, Stefan (Author)
Corporate Author: SpringerLink (Online service)
Format: Electronic eBook
Language:English
Published: Cham : Springer International Publishing : Imprint: Springer, 2015.
Edition:1st ed. 2015.
Series:Advances in Global Change Research, 55
Subjects:
Online Access:Full Text via HEAL-Link
LEADER 02850nam a22004575i 4500
001 978-3-319-19042-6
003 DE-He213
005 20151103125008.0
007 cr nn 008mamaa
008 151019s2015 gw | s |||| 0|eng d
020 |a 9783319190426  |9 978-3-319-19042-6 
024 7 |a 10.1007/978-3-319-19042-6  |2 doi 
040 |d GrThAP 
050 4 |a GE1-350 
072 7 |a RN  |2 bicssc 
072 7 |a SCI026000  |2 bisacsh 
082 0 4 |a 333.7  |2 23 
100 1 |a Brönnimann, Stefan.  |e author. 
245 1 0 |a Climatic Changes Since 1700  |h [electronic resource] /  |c by Stefan Brönnimann. 
250 |a 1st ed. 2015. 
264 1 |a Cham :  |b Springer International Publishing :  |b Imprint: Springer,  |c 2015. 
300 |a XV, 360 p. 217 illus., 178 illus. in color.  |b online resource. 
336 |a text  |b txt  |2 rdacontent 
337 |a computer  |b c  |2 rdamedia 
338 |a online resource  |b cr  |2 rdacarrier 
347 |a text file  |b PDF  |2 rda 
490 1 |a Advances in Global Change Research,  |x 1574-0919 ;  |v 55 
505 0 |a 1. Introduction -- 2. The Basis: Past Climate Observations and Methods -- 3. The Machinery: Mechanisms behind Climate Changes -- 4. Climate Changes since 1700 -- 5. Conclusions -- References. 
520 |a Earth’s climate is undergoing profound changes. Understanding and assessing these changes requires insight from the past. The period since 1700 is of particular relevance because Earth’s climate underwent a transition from the Little Ice Age climate to the era of anthropogenic global warming. Moreover, pronounced climatic excursions occurred on interannual and decadal time scales, and atmospheric composition changed. Recent developments in the fields of paleoclimatology and historical climatology – high-resolution climate proxies, climate model simulations, and numerical techniques such as data assimilation – allow a much more detailed analysis of climatic changes of the past centuries than possible only a decade ago. “Climatic Changes since 1700” – the title honours the 1890 book by the same title of geographer Eduard Brückner – covers data and methods used to study climate of the past centuries, summarises the mechanisms behind interannual to multidecadal climate variability and provides an overview of global climate history since 1700 based on new data sets and model simulations.  . 
650 0 |a Environment. 
650 0 |a Climatology. 
650 1 4 |a Environment. 
650 2 4 |a Environment, general. 
650 2 4 |a Climatology. 
710 2 |a SpringerLink (Online service) 
773 0 |t Springer eBooks 
776 0 8 |i Printed edition:  |z 9783319190419 
830 0 |a Advances in Global Change Research,  |x 1574-0919 ;  |v 55 
856 4 0 |u http://dx.doi.org/10.1007/978-3-319-19042-6  |z Full Text via HEAL-Link 
912 |a ZDB-2-EES 
950 |a Earth and Environmental Science (Springer-11646)